000 00656nac a22001811u 4500
010 _a2001040920
020 _a0130931020
082 0 0 _a621.381
_bB2838
090 _c939
_d939
100 _aBartelt, Terry L. M.
245 1 0 _aDigital electronics :
_ban integrated laboratory approach /
_cTerry L.M. Bartelt.
260 _aUpper Saddle River, NJ :
_bPrentice Hall,
_cc2002.
300 _axii, 546 p. :
_bill. ;
_c28 cm.
500 _aIncludes index.
650 0 _aDigital electronics.
942 _cBB
_k621.381B2838
999 _c939
_d939